| 000 | 01641cam a2200169 4500500 | ||
|---|---|---|---|
| 005 | 20251228074340.0 | ||
| 041 | _afre | ||
| 042 | _adc | ||
| 100 | 1 | 0 |
_aBorderie, Régine _eauthor |
| 245 | 0 | 0 | _aLa Peau de chagrin : l’énergie de l’écriture |
| 260 | _c2022. | ||
| 500 | _a36 | ||
| 520 | _aLa Peau de chagrin contient diverses formes de personnifications qui contribuent à l’énergie de l’écriture : elles mettent en action l’abstrait ou l’inanimé, ou présentent un personnage sujet d’action comme l’incarnation d’une idée abstraite, et par là se donnent ou donnent à voir. Toutefois les personnifications ne relèvent pas seulement de la rhétorique dans ce roman, mais aussi de la philosophie, de la psychologie, de la physio-psychologie et de la magie. Et si elles manifestent la vitalité de l’idée, elles montrent également le pouvoir de la destruction. | ||
| 520 | _aLa Peau de chagrin contains various forms of personifications that contribute to the energy of writing: they enact the abstract or the inanimate, or present a character who is the subject of action as the embodiment of an abstract idea, thereby enabling themselves to be the subjects or objects of insight. However, personifications are not only rhetorical in this novel; they are also philosophical, psychological, physio-psychological and magical. And if they show the vitality of the idea, they also show its power of destruction. | ||
| 786 | 0 | _nL'Année balzacienne | 23 | 1 | 2022-10-19 | p. 301-314 | 0084-6473 | |
| 856 | 4 | 1 | _uhttps://shs.cairn.info/revue-l-annee-balzacienne-2022-1-page-301?lang=fr&redirect-ssocas=7080 |
| 999 |
_c1597641 _d1597641 |
||